[Event "AUTO-INT-3634"]
[Site "http://www.queenalice.com/game.php?id=1641890"]
[Date "2021.1.29"]
[Round "1"]
[White "byyonico"]
[Black "mattbel"]
[Result "1-0"]
[WhiteElo "1693"]
[BlackElo "1672"]

1. d4 d5 2. c4 Nf6 3. Nc3 e6 4. Bg5 Bb4 5. a3 Bxc3+ 6. bxc3 O-O 7. Nf3 Nbd7 8.
Ne5 h6 9. Bh4 Qe7 10. f3 g5 11. Bg3 Nb6 12. c5 Nc4 13. Qc1 b6 14. e3 Na5 15. Qb2
bxc5 16. Bb5 Rb8 17. Qe2 Nb3 18. Nc6 Rxb5 19. Nxe7+ Kh8 20. Qxb5 Nxa1 21. O-O
Nc2 22. Nxc8 Rxc8 23. Bf2 Nxa3 24. Qa6 Ra8 25. Qxa3 c4 26. Qe7 Nh7 27. Qxf7 Nf8
28. Qf6+ Kh7 29. Qf7+ Kh8 30. Qxc7 Ng6 31. Qf7 Nf8 32. Bg3 a5 33. Be5# 1-0

[Event "AUTO-INT-3634"]
[Site "http://www.queenalice.com/game.php?id=1641904"]
[Date "2021.1.29"]
[Round "1"]
[White "Nigel68"]
[Black "mattbel"]
[Result "0-1"]
[WhiteElo "1742"]
[BlackElo "1634"]

1. e4 e5 2. Nf3 Bd6 3. Bc4 Qe7 4. O-O Nf6 5. Nc3 O-O 6. d4 exd4 7. Qxd4 c5 8.
Qd3 a6 9. Re1 b5 10. Bd5 c4 11. Qd4 Bc5 12. Qxc5 Qxc5 13. Bxa8 Ng4 14. Re2 b4
15. Nd1 d6 16. Be3 Qa5 17. h3 Nf6 18. Bd2 Be6 19. e5 dxe5 20. Rxe5 Qb6 21. Be3
Qd6 22. Bc5 Qd8 23. Bxf8 Qxf8 24. Ne3 Nbd7 25. Bb7 Nxe5 26. Nxe5 Qb8 27. Rd1 g6
28. Bxa6 Qxe5 29. b3 cxb3 30. axb3 Qf4 31. Bd3 Nd5 32. Re1 Nf6 33. Ra1 Kg7 34.
g3 Qf3 35. Bf1 Ne4 36. Ng2 Qxf2+ 0-1

[Event "AUTO-INT-3634"]
[Site "http://www.queenalice.com/game.php?id=1641905"]
[Date "2021.1.29"]
[Round "1"]
[White "mattbel"]
[Black "Nigel68"]
[Result "0-1"]
[WhiteElo "1703"]
[BlackElo "1775"]

1. e4 e5 2. Be2 Nf6 3. Nc3 c6 4. Nf3 d5 5. d3 d4 6. Nb1 Bb4+ 7. Bd2 Qb6 8. O-O
Bxd2 9. Qxd2 Qxb2 10. Nc3 dxc3 11. Qg5 O-O 12. Qxe5 Qxc2 13. Nd4 Qd2 14. Rfd1
Qb2 15. Rdb1 Qd2 16. Qa5 b6 17. Qa3 c5 18. Rd1 Qb2 19. Qxb2 cxb2 20. Rab1 Bb7
21. Nf5 Nc6 22. Rxb2 Rad8 23. a4 g6 24. Nh6+ Kg7 25. Ng4 Rd4 26. Ra2 Nb4 27. Ra3
Re8 28. h3 h5 29. Nxf6 Kxf6 30. a5 b5 31. Rc3 Na6 32. Bf3 Re7 33. Rb3 b4 34. Re1
c4 35. e5+ Kg7 36. dxc4 Rxc4 37. Rbe3 Bc8 38. Bd5 Rc5 39. Bb3 Rxa5 40. Bc2 Nc5
41. f4 h4 42. f5 Bxf5 43. Bb1 b3 44. g4 Bd7 45. Kf1 b2 46. Kg1 Ne6 47. R3e2 Nd4
48. Re3 Be6 49. Kf2 Rc7 50. Be4 Ba2 51. Rd1 Nc2 52. Red3 b1=Q 53. Rxb1 Bxb1 54.
Rd6 Rxe5 55. Kf3 Ne1+ 56. Kf4 Rxe4+ 57. Kg5 Nf3# 0-1

[Event "AUTO-INT-3634"]
[Site "http://www.queenalice.com/game.php?id=1641914"]
[Date "2021.1.29"]
[Round "1"]
[White "mattbel"]
[Black "ungern"]
[Result "1-0"]
[WhiteElo "1671"]
[BlackElo "1625"]

1. e4 e5 2. Nf3 Nc6 3. Be2 d6 4. O-O Nf6 5. Nc3 Be6 6. d4 exd4 7. Nxd4 Be7 8.
Be3 Nxd4 9. Bxd4 O-O 10. Qd2 c5 11. Be3 a6 12. Rad1 b5 13. b3 Rb8 14. Bf3 Ng4
15. h3 Nxe3 16. Qxe3 Bg5 17. Qe2 c4 18. e5 d5 19. Bxd5 Qa5 20. Bxe6 Qxc3 21. Bd5
Bf4 22. e6 fxe6 23. Bxe6+ Kh8 24. g3 Bc7 25. bxc4 Rbe8 26. Rd3 Qf6 27. Re3 Bb6
28. Re4 b4 29. Bg4 Rxe4 30. Qxe4 a5 31. Bf3 Bc5 32. Rd1 Qb2 33. Qd5 Qf6 34. Rd3
Bb6 35. g4 g5 36. c5 Ba7 37. c6 Rc8 38. Qd7 Rxc6 39. Qxa7 Rc8 40. Rd7 Qa1+ 41.
Kg2 Qxa2 42. Rxh7+ Kg8 43. Qg7# 1-0

[Event "AUTO-INT-3634"]
[Site "http://www.queenalice.com/game.php?id=1641915"]
[Date "2021.1.29"]
[Round "1"]
[White "ungern"]
[Black "mattbel"]
[Result "0-1"]
[WhiteElo "1611"]
[BlackElo "1685"]

1. e4 e5 2. Nf3 Bd6 3. d3 Nf6 4. Nc3 c6 5. Be3 O-O 6. Be2 Na6 7. O-O Qe7 8. Qd2
b5 9. a3 b4 10. axb4 Bxb4 11. Qd1 Bb7 12. Bd2 Rad8 13. Be3 c5 14. Nb5 Bc6 15.
Nxa7 Nb8 16. Nxc6 Nxc6 17. c3 Ba5 18. d4 Nxe4 19. Bd3 Nd6 20. dxc5 Nb7 21. Bg5
f6 22. Be3 e4 23. Bc4+ Kh8 24. Nd2 d6 25. b4 Bc7 26. Qg4 f5 27. Qg3 d5 28. Qg5
dxc4 29. Nxc4 h6 30. Qg6 Rf6 31. Qh5 Ne5 32. Nxe5 Bxe5 33. Qe2 Bxc3 34. Ra4 f4
35. Bd2 f3 36. gxf3 Rg6+ 37. Kh1 Bxd2 38. fxe4 Bf4 39. f3 Rd2 40. Qxd2 Bxd2 41.
Ra8+ Kh7 42. Ra4 Qg5 43. Rg1 Qxg1# 0-1

[Event "AUTO-OPEN-4254"]
[Site "http://www.queenalice.com/game.php?id=1642327"]
[Date "2021.2.2"]
[Round "1"]
[White "uschmidi"]
[Black "mattbel"]
[Result "1-0"]
[WhiteElo "2033"]
[BlackElo "1718"]

1. d4 d5 2. e3 Bd7 3. f4 e6 4. Nf3 Be7 5. Bd3 Nf6 6. O-O O-O 7. Ne5 Be8 8. Qf3
c5 9. c3 Nbd7 10. Qh3 cxd4 11. exd4 g6 12. f5 exf5 13. Bh6 Qb6 14. Bxf8 Nxf8 15.
b3 a6 16. Nd2 Rc8 17. Rac1 Ba3 18. Rc2 a5 19. Qh4 Qe6 20. Ndf3 Be7 21. Qf2 Nh5
22. Re1 Qf6 23. c4 Nf4 24. Qd2 g5 25. Qxa5 g4 26. Nd2 b6 27. Qa6 Rd8 28. Qb7 Qh4
29. g3 Nh3+ 30. Kg2 Qg5 31. Qxb6 Rd6 32. Qb7 Ng6 33. Nxg6 Qxg6 34. Qxe7 Bc6 35.
c5 Rd7 36. Qe8+ Kg7 37. Qe5+ f6 38. Qe8 Kh6 39. Qxg6+ Kxg6 40. Re6 Bb7 41. Nf1
Bc8 42. Re8 Rc7 43. Ne3 Kh6 44. Nxf5+ Bxf5 45. Bxf5 Kg5 46. Be6 Kh6 47. Bxg4 Ng5
48. Rd8 Re7 49. Rxd5 Re4 50. Bf5 Re3 51. c6 Nf3 52. Kh3 Ng1+ 53. Kg4 Nf3 54. c7
Ne1 55. c8=Q Re7 56. Rc7 Rg7+ 57. Rxg7 Kxg7 58. Qc7+ Kh6 59. Qxh7# 1-0

[Event "AUTO-OPEN-4254"]
[Site "http://www.queenalice.com/game.php?id=1642328"]
[Date "2021.2.2"]
[Round "1"]
[White "mattbel"]
[Black "uschmidi"]
[Result "0-1"]
[WhiteElo "1690"]
[BlackElo "2031"]

1. e4 c5 2. Bd3 e6 3. Nf3 d5 4. O-O c4 5. Be2 dxe4 6. Ne5 Qd5 7. Nxc4 Bc5 8. d3
Ne7 9. Nc3 Qc6 10. dxe4 O-O 11. Bd2 Bd4 12. Na5 Qb6 13. Na4 Qd6 14. Nc4 Qd8 15.
c3 Bxf2+ 16. Rxf2 b5 17. Nc5 bxc4 18. Bxc4 Qc7 19. Be3 Bb7 20. Bf4 Qxc5 21. b3
Bxe4 22. Qe2 Bd5 23. Be3 Qc6 24. Rc1 Nf5 25. Bb5 Qc7 26. c4 Bb7 27. Bf4 Qe7 28.
c5 Nc6 29. g4 Nfd4 30. Qd3 e5 31. Bxc6 Bxc6 32. Re1 f6 33. b4 Qd7 34. Bc1 Qxg4+
35. Qg3 Qxg3+ 36. hxg3 Nf3+ 37. Rxf3 Bxf3 38. Re3 e4 39. c6 Rfd8 40. Kh2 Rd1 41.
Ba3 Rh1# 0-1

[Event "AUTO-OPEN-4254"]
[Site "http://www.queenalice.com/game.php?id=1642348"]
[Date "2021.2.2"]
[Round "1"]
[White "mattbel"]
[Black "CERVERO"]
[Result "0-1"]
[WhiteElo "1663"]
[BlackElo "1893"]

1. e4 c5 2. Be2 d6 3. Nf3 Nf6 4. d3 e6 5. e5 dxe5 6. Nxe5 Nbd7 7. Nf3 Be7 8. O-O
O-O 9. Nc3 Re8 10. d4 b6 11. a3 a6 12. b4 cxb4 13. axb4 Bb7 14. Nh4 Nd5 15. Nxd5
Bxd5 16. Rb1 b5 17. Bf3 Bxh4 18. g3 Bf6 19. Bf4 Bxf3 20. Qxf3 Bxd4 21. Rbd1 Bf6
22. Rd3 e5 23. Be3 e4 24. Rxd7 Qxd7 25. Qe2 Red8 26. Rd1 Qxd1+ 27. Qf1 Qxf1+ 28.
Kxf1 Rd1+ 29. Ke2 Rad8 30. f3 exf3+ 31. Kxf3 h5 32. Kg2 Re8 33. Bf4 g5 34. Bc7
g4 35. Kf2 Rd2+ 36. Kf1 Ree2 37. Bf4 Rxc2 38. h4 Ra2 39. Bh6 Reb2 40. Ke1 Ra1+
41. Bc1 Rxc1# 0-1

[Event "AUTO-INT-3636"]
[Site "http://www.queenalice.com/game.php?id=1642404"]
[Date "2021.2.3"]
[Round "1"]
[White "SGF"]
[Black "mattbel"]
[Result "0-1"]
[WhiteElo "1687"]
[BlackElo "1731"]

1. e4 e5 2. Qf3 Nf6 3. d3 Be7 4. Be2 O-O 5. Qg3 Nc6 6. Bh6 g6 7. Bxf8 Qxf8 8. c3
d5 9. h4 h5 10. exd5 Nxd5 11. Nd2 Bd6 12. Bxh5 e4 13. Qg5 Nf4 14. Nxe4 Nxh5 15.
Nf6+ Nxf6 16. Qxf6 Be5 17. Qg5 Qe8 18. O-O-O Bg7 19. h5 Qf8 20. hxg6 Ne5 21. Qh5
fxg6 22. Qh7+ Kf7 23. Nf3 Nxf3 24. gxf3 Bd7 25. Rde1 Qd6 26. Qh2 Qf6 27. Qxc7
Qg5+ 28. Re3 Rd8 29. Qxb7 Qg2 30. Rhe1 Qg5 31. Qxa7 Bf8 32. Qc7 Bc5 33. d4 Bxd4
34. cxd4 Rc8 35. Qxc8 Bxc8 36. Kd1 Kg7 37. Re7+ Kf6 38. Re8 Bd7 39. Rf8+ Kg7 40.
Ra8 Bc6 41. Ra7+ Kf6 42. Ra6 Qd5 43. Re4 Qc4 44. Rb6 Qd3+ 45. Ke1 Qb1+ 46. Ke2
Qc2+ 47. Ke3 Kg7 48. Re7+ Kh6 49. Re6 Qc1+ 50. Kd3 Qd1+ 51. Kc3 Qxf3+ 52. Kb4
Be4 53. a4 Bc2 54. a5 Qb3+ 55. Kc5 Qa4 56. b4 Qd7 57. d5 Qc8+ 58. Rbc6 Qf8+ 59.
Kb6 Qb8+ 60. Kc5 Qf8+ 61. Kb5 Bd3+ 62. Kb6 Qxb4+ 63. Kc7 Qxa5+ 64. Kd7 Qxd5+ 65.
Ke7 Qg5+ 66. Rf6 Be4 67. Re6 Qc5+ 68. Kf7 Qc7+ 69. Re7 Bd5+ 70. Kf8 Qd8+ 71. Re8
Qxf6# 0-1

[Event "AUTO-INT-3636"]
[Site "http://www.queenalice.com/game.php?id=1642405"]
[Date "2021.2.3"]
[Round "1"]
[White "mattbel"]
[Black "SGF"]
[Result "0-1"]
[WhiteElo "1657"]
[BlackElo "1693"]

1. e4 e5 2. Nf3 Qf6 3. Be2 d6 4. O-O Be7 5. d4 Nc6 6. Bg5 Qg6 7. Qd2 exd4 8.
Bxe7 Ngxe7 9. Nh4 Qf6 10. c3 Qxh4 11. Bf3 dxc3 12. Nxc3 a6 13. g3 Qf6 14. Nd5
Nxd5 15. exd5 Ne5 16. Rae1 Qxf3 17. Qg5 g6 18. Re3 Qxd5 19. b3 Bh3 20. Rxe5+
dxe5 21. f3 Bxf1 22. Kxf1 Rd8 23. Ke2 Qd3+ 24. Kf2 Qc2+ 25. Kg1 Rd1# 0-1

[Event "AUTO-INT-3636"]
[Site "http://www.queenalice.com/game.php?id=1642416"]
[Date "2021.2.3"]
[Round "1"]
[White "mattbel"]
[Black "ungern"]
[Result "1-0"]
[WhiteElo "1745"]
[BlackElo "1533"]

1. e4 e5 2. Be2 Nc6 3. Nf3 Nf6 4. Bd3 d6 5. O-O Be7 6. a3 Be6 7. b4 Qd7 8. b5
Nd4 9. a4 Nxf3+ 10. Qxf3 c6 11. Nc3 O-O 12. Bb2 cxb5 13. Bxb5 Qc7 14. Rac1 Bc4
15. Bxc4 Qxc4 16. d3 Qc6 17. Rb1 Rab8 18. Rbc1 a6 19. Rcd1 b5 20. axb5 axb5 21.
d4 Nd7 22. d5 Qc5 23. Qf5 Nf6 24. h3 b4 25. Na4 Qxc2 26. Ra1 Ra8 27. Rfc1 Qe2
28. Rc7 Qxb2 29. Nxb2 Rxa1+ 30. Kh2 Bd8 31. Rb7 Ba5 32. Nc4 Bd8 33. Nxd6 Be7 34.
Rxe7 Re1 35. Qxe5 1-0

[Event "AUTO-INT-3636"]
[Site "http://www.queenalice.com/game.php?id=1642417"]
[Date "2021.2.3"]
[Round "1"]
[White "ungern"]
[Black "mattbel"]
[Result "0-1"]
[WhiteElo "1623"]
[BlackElo "1656"]

1. e4 e5 2. Nf3 Bd6 3. Nc3 Ne7 4. d3 O-O 5. Be2 Ng6 6. Be3 a6 7. Qd2 Nc6 8. O-O
b5 9. a3 b4 10. axb4 Nxb4 11. Ng5 h6 12. Nf3 Qe7 13. Nd5 Nxd5 14. c4 Bb4 15. Qc2
Nf6 16. b3 c6 17. d4 exd4 18. Bxd4 Nxe4 19. Bd3 Ng5 20. Nxg5 Qxg5 21. g3 h5 22.
Be3 Qg4 23. Bf5 Qf3 24. h4 d5 25. Bd4 Bxf5 26. Qb2 Be4 27. Bxg7 Qg2# 0-1

[Event "AUTO-ADV-4460"]
[Site "http://www.queenalice.com/game.php?id=1642433"]
[Date "2021.2.3"]
[Round "1"]
[White "fabricioprado"]
[Black "mattbel"]
[Result "0-1"]
[WhiteElo "1738"]
[BlackElo "1688"]

1. e4 e5 2. Nf3 Nc6 3. Bc4 d5 4. Bxd5 Qe7 5. Bxc6+ bxc6 6. O-O Qd6 7. Nc3 Be7 8.
d3 Nf6 9. Bg5 Nd7 10. Bxe7 Qxe7 11. a3 O-O 12. Qd2 c5 13. Nd5 Qd6 14. Qg5 f6 15.
Qg3 Rb8 16. b4 c6 17. Ne3 a6 18. c3 Qxd3 19. Rac1 Nb6 20. Rfd1 Qxe4 21. Nd2 Qf4
22. Nb3 cxb4 23. axb4 Qe4 24. Nc5 Qg6 25. Qxg6 hxg6 26. h3 f5 27. Rd6 f4 28. Nf1
f3 29. Rxc6 Rf5 30. Rxg6 Nc4 31. g4 Rf7 32. Ne4 Re7 33. Nd6 Kh7 34. Nf5 Rd7 35.
Rc6 Nb2 36. N1e3 Bb7 37. Rc5 Nd3 38. Rxe5 Nxc1 39. Nd4 Ne2+ 40. Nxe2 fxe2 41.
Nc2 Bf3 42. Re3 Rd1+ 43. Kh2 Rf8 44. Kg3 Rg1+ 45. Kh2 Rf1 46. Kg3 Rc1 0-1

[Event "AUTO-ADV-4460"]
[Site "http://www.queenalice.com/game.php?id=1642434"]
[Date "2021.2.3"]
[Round "1"]
[White "mattbel"]
[Black "fabricioprado"]
[Result "1-0"]
[WhiteElo "1715"]
[BlackElo "1707"]

1. e4 c5 2. Be2 e6 3. Nf3 Nc6 4. O-O Nf6 5. e5 Nd5 6. c4 Nb6 7. a3 Be7 8. Nc3
O-O 9. d4 a6 10. Be3 cxd4 11. Bxd4 h6 12. c5 Nd5 13. Na4 f6 14. Nb6 Nxb6 15.
cxb6 Nxd4 16. Qxd4 f5 17. Rac1 d5 18. h3 Bd7 19. a4 Rc8 20. a5 Bc6 21. Nd2 Ba4
22. b3 Bc6 23. Bh5 Be8 24. Be2 Bg6 25. b4 f4 26. Rc3 Qd7 27. Rfc1 Rxc3 28. Rxc3
Rc8 29. Rxc8+ Qxc8 30. Nb3 Be4 31. f3 Bc2 32. Nc5 Bg6 33. Qxf4 Bg5 34. Qg4 Bf5
35. Qh5 Be3+ 36. Kh1 Bxc5 37. bxc5 Qxc5 38. Kh2 Qxa5 39. f4 Qxb6 40. Qe8+ Kh7
41. Qf7 Bg6 42. Qe7 Qc6 43. h4 Be4 44. h5 b5 45. Qf7 Qc8 46. Bg4 Bf5 47. Bxf5+
exf5 48. e6 Qg8 49. Qd7 Qf8 50. e7 1-0

[Event "AUTO-ADV-4460"]
[Site "http://www.queenalice.com/game.php?id=1642447"]
[Date "2021.2.3"]
[Round "1"]
[White "MADMIKE"]
[Black "mattbel"]
[Result "1-0"]
[WhiteElo "1835"]
[BlackElo "1642"]

1. d4 d5 2. Nc3 Be6 3. Bf4 Nc6 4. Nb5 Rc8 5. e3 a6 6. Nc3 b5 7. a3 Ra8 8. b4 Bf5
9. h3 a5 10. Bxb5 Bd7 11. Nxd5 e6 12. Nxc7+ Ke7 13. Nxa8 Qxa8 14. Nf3 Na7 15.
Bxd7 Kxd7 16. O-O Nf6 17. c4 Nc6 18. b5 Nd8 19. c5 Ke8 20. b6 Be7 21. Qa4+ Kf8
22. Rac1 h6 23. c6 Nxc6 24. Rxc6 Ne8 25. Rfc1 g5 26. Rc8 Qa6 27. Qxe8+ Kg7 28.
Qxh8+ Kg6 29. Qg8+ Kf5 30. Qh7+ Kf6 31. Be5# 1-0

[Event "AUTO-ADV-4460"]
[Site "http://www.queenalice.com/game.php?id=1642448"]
[Date "2021.2.3"]
[Round "1"]
[White "mattbel"]
[Black "MADMIKE"]
[Result "1/2-1/2"]
[WhiteElo "1698"]
[BlackElo "1813"]

1. e4 e5 2. Be2 Nf6 3. d3 h6 4. Nf3 Bc5 5. O-O Nc6 6. a3 O-O 7. Nh4 d5 8. b4 Bb6
9. Nc3 dxe4 10. dxe4 Bd4 11. Bb2 a6 12. Na4 Nxe4 13. Nf3 b5 14. Bxd4 exd4 15.
Nc5 Nc3 16. Qd2 Re8 17. Rfe1 Bg4 18. h3 Nxe2+ 19. Rxe2 Bxf3 20. gxf3 Rxe2 21.
Qxe2 Qg5+ 22. Kf1 Qf5 23. Ke1 Qxh3 24. Kd2 f6 25. a4 Nxb4 26. axb5 Qf5 27. Nb3
Qxc2+ 28. Ke1 Qxb3 29. Qe4 Nc2+ 30. Kf1 Qxb5+ 31. Kg2 Qg5+ 32. Kf1 Rf8 33. Qxc2
c5 34. Ra5 Rc8 35. Qc4+ Kh8 36. Qxa6 Rb8 37. Rb5 Rxb5 38. Qxb5 Qc1+ 39. Kg2 c4
40. Qe8+ Kh7 41. Qe4+ g6 42. Qxd4 Qg5+ 43. Kf1 Qc1+ 44. Ke2 c3 45. Qd7+ Kg8 46.
Qe6+ Kg7 47. Qe7+ Kg8 48. Qe6+ Kg7 49. Qe7+ Kg8 1/2-1/2

[Event "AUTO-ADV-4460"]
[Site "http://www.queenalice.com/game.php?id=1642457"]
[Date "2021.2.3"]
[Round "1"]
[White "mattbel"]
[Black "NickThorp"]
[Result "0-1"]
[WhiteElo "1753"]
[BlackElo "1536"]

1. d4 d5 2. Bd2 Nc6 3. Nf3 Bg4 4. Ne5 Nxe5 5. dxe5 e6 6. h3 Bh5 7. g4 Bg6 8. Nc3
Bb4 9. e3 Ne7 10. Bb5+ c6 11. Bd3 Bxd3 12. cxd3 O-O 13. Na4 Bxd2+ 14. Qxd2 b5
15. Nc5 a5 16. Nb7 Qc7 17. Nd6 Ng6 18. d4 c5 19. Nxb5 Qb6 20. Na3 Rab8 21. b3
cxd4 22. exd4 Rbc8 23. O-O h6 24. Rab1 Rb8 25. Qd3 Rfc8 26. Rb2 a4 27. Rfb1 axb3
28. Rxb3 Qa7 29. R3b2 Rxb2 30. Rxb2 Rc1+ 31. Kg2 Nh4+ 32. Kg3 g5 33. Nb5 Qb6 34.
Rb3 Rg1+ 35. Kh2 Rg2+ 36. Kh1 Rxf2 37. Nd6 Rf3 38. Qc2 Rxb3 39. axb3 Qxd4 40.
Qc8+ Kg7 41. Qe8 Qf4 42. Qxf7+ Qxf7 43. Nxf7 Kxf7 44. b4 Ke7 45. b5 Kd7 46. b6
Kc8 47. Kg1 Kb7 48. Kf2 Kxb6 49. Ke3 Kc5 50. Kd3 Nf3 51. Ke3 Nxe5 52. Kd2 Kc4
53. Ke3 Nc6 54. Kd2 e5 55. Ke3 d4+ 56. Kd2 e4 57. Ke2 d3+ 58. Kd2 Nb4 0-1

[Event "AUTO-ADV-4460"]
[Site "http://www.queenalice.com/game.php?id=1642458"]
[Date "2021.2.3"]
[Round "1"]
[White "NickThorp"]
[Black "mattbel"]
[Result "0-1"]
[WhiteElo "1608"]
[BlackElo "1706"]

1. e4 e5 2. Nf3 Bd6 3. Nc3 Nf6 4. d3 O-O 5. Bg5 Nc6 6. Nd5 Be7 7. Nxe7+ Qxe7 8.
Qd2 h6 9. Bh4 Qd6 10. Be2 Ne8 11. Bg3 b6 12. O-O a5 13. Qc3 Ba6 14. Nxe5 Qe6 15.
Nxc6 dxc6 16. h3 c5 17. Bg4 Qf6 18. Qxf6 Nxf6 19. Bf3 Rac8 20. c4 Ne8 21. b3 Rd8
22. Rfd1 Rd4 23. Be5 Rd8 24. a4 f6 25. Bg3 Bb7 26. e5 Bxf3 27. gxf3 Rf7 28. exf6
Nxf6 29. Bxc7 Rxc7 30. Kg2 Re7 31. Kf1 Nh5 32. Re1 Rf7 33. Re3 Nf4 34. Rae1 Nxh3
35. Kg2 Nf4+ 36. Kg3 Rd6 37. Rd1 Rf5 38. Re8+ Kh7 39. Re3 Rg6+ 40. Kh4 Rh5# 0-1

[Event "Challenge"]
[Site "http://www.queenalice.com/game.php?id=1644679"]
[Date "2021.2.25"]
[Round "-"]
[White "CAMISA10"]
[Black "mattbel"]
[Result "0-1"]
[WhiteElo "1485"]
[BlackElo "1728"]

1. e4 e5 2. Qf3 Nf6 3. h3 Be7 4. d3 O-O 5. Be2 d5 6. a3 Nc6 7. Qg3 Nd4 8. Bh6 g6
9. Bxf8 Bxf8 10. Bd1 Nh5 11. Qxe5 Bc5 12. c3 Nc6 13. Qh2 Qf6 14. Nf3 Ne5 15. d4
Nd3+ 16. Kf1 Be7 17. Nbd2 b6 18. e5 Qe6 19. Bc2 Ndf4 20. Ng5 Bxg5 21. Bd1 Ng7
22. Nf3 Ba6+ 23. Kg1 Bh6 24. Nd2 Nfh5 25. Bxh5 Bxd2 26. Bg4 Qe7 27. Qg3 Qg5 28.
h4 Qh6 29. h5 Bf4 30. Qf3 c6 31. g3 Bg5 32. hxg6 Qxg6 33. Bh5 Nxh5 34. Rxh5 h6
35. Kg2 Bd3 36. Qg4 Be4+ 37. f3 Bf5 38. Rxh6 Bxh6 39. Qxg6+ Bxg6 40. f4 Bf5 41.
Kf3 c5 42. Rd1 Be4+ 43. Ke3 Rd8 44. Rh1 Bxh1 45. g4 Re8 46. g5 Bg7 47. f5 f6 48.
gxf6 Bh6+ 49. Ke2 Kh7 50. e6 Be4 51. f7 Re7 52. dxc5 Bxf5 53. c6 Rxe6+ 54. Kf3
Be4+ 55. Kg4 Rxc6 56. f8=Q Bxf8 57. Kh5 Rf6 58. Kg5 Rf2 59. Kg4 Rxb2 0-1